000 006090000a22001810004500
003 MACL
005 20160504105755.0
008 160504b xxu||||| |||| 00| 0 eng d
040 _aMACL
_cMACL
041 _aHindi
082 _a800
100 _aखातून, रूखसाना
_955060
245 _aकवि बच्‍चन का काव्‍य-शिल्‍प
_cरूखसाना खातून
260 _aनई दिल्‍ली
_bसमीक्षा प्रकाशन
_c2010
350 _a250
650 _aरचनावली
_9163
942 _cHIN
_k800
_2ddc
999 _c48239
_d48239